000 00567nam a2200229Ia 4500
003 OSt
005 20221005131510.0
006 a|||||r|||| 00| 0
007 ta
008 221004b |||||||| |||| 00| 0 eng d
024 _a34430
037 _cTextual
040 _aCRL
_cCRL
_beng
041 _2eng
_aeng
082 _a/\1:18, K2
100 _aAggarwal Vasudev S
_9639682
245 0 _aSparks from the vedic fire
260 _c1962
650 _aSPIRITUALISM
942 _h/\1:18, K2
_cTEXL
_2cc
999 _c1060527
_d1060527